Statistics for Cam Thomas

Click here to take the quiz!

General Stats

  • This quiz has been taken 9 times
  • The average score is 10 of 15

Answer Stats

QuestionAnswer% Correct
What team does Cam Thomas play for?Nets
100%
What is Cam Thomas's most famous quote??"Ain't shit funny"
83%
Cam Thomas is better than:Everyone
83%
Cam Thomas doesn't do these following things:Pass, Rebound or Defend
83%
When was Cam Thomas picked in the draft?27
67%
Cam Thomas is:6"3 or 6"4
67%
Why do I love Cam Thomas?He's the goat
67%
Where was Cam Thomas born?Japan
67%
Cam Thomas is ______The goat
67%
Cam Thomas has a total of:1,174 pts
50%
Which year was Cam Thomas drafted on?2021
50%
What is Cam Thomas's greatest achievement?He is the second youngest player of all time to score 40 plus points three games in a row
50%
Which of the following players has he played with?Kevin Durant, David Duke Jr, Jevon Carter
50%
What was Cam Thomas's highest scoring game of all time?47 pts
33%
Which college did Cam Thomas go to?San Diego State
33%

Score Distribution

Percentile by Number Answered

Percent of People with Each Score

Your Score History

You have not taken this quiz